[Event "4th GRENKE Open 2019"]
[Site "Karlsruhe"]
[Date "2019.04.22"]
[Round "8.115"]
[White "Cukrowski, Filip"]
[Black "Muetsch, Annmarie"]
[Result "1-0"]
[WhiteElo "2421"]
[BlackElo "2223"]
[Annotator "TA"]
[PlyCount "89"]
[EventDate "2019.04.18"]
[EventType "swiss"]
[EventCountry "GER"]
[SourceTitle "playchess.com"]
[Source "ChessBase"]
[SourceQuality "1"]

1. Nf3 Nf6 2. c4 g6 3. d4 Bg7 4. Nc3 O-O 5. e4 d6 6. Be2 Na6 7. O-O e5 8. dxe5 dxe5 9. Qxd8 Rxd8 10. Be3 Re8 11. h3 c6 12. a3 Nh5 13. Rfd1 Nf4 14. Bf1 Ne6 15. b4 f5 16. Ra2 f4 17. Bc1 Nd4 18. Nxd4 exd4 19. Ne2 Rxe4 20. f3 Re8 21. Nxd4 g5 22. Rad2 Nc7 23. Bb2 Bxd4+ 24. Bxd4 Kf7 25. Bd3 Be6 26. Be5 Re7 27. h4 gxh4 28. Bxf4 Kf6 29. Kf2 Rd7 30. Be2 Rxd2 31. Bxd2 b5 32. cxb5 Nxb5 33. a4 Nd6 34. Bc3+ Ke7 35. Bd3 Bb3 36. Re1+ Kf7 37. a5 Nb5 38. Bb2 h6 39. Bc1 Rd8 40. Be4 Rd4 41. Bxc6 Rxb4 42. Bd2 Rd4 43. Be3 Rb4 44. Bc5 Rc4 45. Bd5+ 1-0

[Event "4th GRENKE Open 2019"]
[Site "Karlsruhe"]
[Date "2019.04.22"]
[Round "8.116"]
[White "Damia, Angelo"]
[Black "Jerez Perez, Alfonso"]
[Result "1/2-1/2"]
[WhiteElo "2215"]
[BlackElo "2413"]
[Annotator "NA RC"]
[PlyCount "89"]
[EventDate "2019.04.18"]
[EventType "swiss"]
[EventCountry "GER"]
[SourceTitle "playchess.com"]
[Source "ChessBase"]
[SourceQuality "1"]

1. e4 e6 2. d4 d5 3. Bd3 dxe4 4. Bxe4 Nf6 5. Bf3 c5 6. Ne2 Nc6 7. Be3 cxd4 8. Bxd4 Nxd4 9. Qxd4 Qxd4 10. Nxd4 Bc5 11. Nb3 Bd6 12. N1d2 Nd5 13. O-O-O O-O 14. Nc4 Bf4+ 15. Kb1 Bd7 16. Bxd5 exd5 17. Rxd5 Bc6 18. Rd4 Bc7 19. f3 Rfe8 20. Nca5 Re2 21. Nxc6 bxc6 22. Rd7 Bb6 23. g3 Rg2 24. a4 Re8 25. a5 Bg1 26. Rd2 Re1+ 27. Ka2 Rxd2 28. Nxd2 Re2 29. Rxg1 Rxd2 30. Kb3 Kf8 31. h4 Rf2 32. f4 Ke7 33. Rd1 Ke6 34. Rd3 h6 35. c3 g5 36. fxg5 hxg5 37. hxg5 Rf5 38. Ka4 Rxg5 39. b4 a6 40. c4 Ke7 41. Kb3 Rg6 42. b5 cxb5 43. cxb5 Rg5 44. bxa6 Rxa5 45. Kc4 1/2-1/2

[Event "4th GRENKE Open 2019"]
[Site "Karlsruhe"]
[Date "2019.04.22"]
[Round "8.117"]
[White "Jeitz, Christian"]
[Black "Schlindwein, Rolf"]
[Result "0-1"]
[WhiteElo "2222"]
[BlackElo "2409"]
[Annotator "TA"]
[PlyCount "79"]
[EventDate "2019.04.18"]
[EventType "swiss"]
[EventCountry "GER"]
[SourceTitle "playchess.com"]
[Source "ChessBase"]
[SourceQuality "1"]

1. e4 Nc6 2. d4 d5 3. e5 Bf5 4. Nf3 e6 5. Bd3 Nge7 6. Bxf5 Nxf5 7. O-O h5 8. b3 Be7 9. Bb2 g5 10. c3 Qd7 11. Nbd2 f6 12. exf6 Bxf6 13. Re1 g4 14. Ne5 Nxe5 15. dxe5 Bg5 16. c4 Bxd2 17. Qxd2 O-O-O 18. cxd5 Qxd5 19. Qxd5 Rxd5 20. Bc3 Rhd8 21. Rac1 Rc5 22. Bb4 Rxc1 23. Rxc1 Rd5 24. Bc3 Rc5 25. Bb2 Rxc1+ 26. Bxc1 Kd7 27. f3 gxf3 28. gxf3 Kc6 29. Kf2 Kd5 30. Bb2 c5 31. Ba1 Nd4 32. Kg3 Kxe5 33. Kh4 Kf5 34. f4 Kxf4 35. Kxh5 Nf3 36. Kg6 e5 37. Kf6 e4 38. Ke6 e3 39. Bc3 Ke4 40. h4 0-1

[Event "4th GRENKE Open 2019"]
[Site "Karlsruhe"]
[Date "2019.04.22"]
[Round "9.1"]
[White "Korobov, Anton"]
[Black "Ter-Sahakyan, Samvel"]
[Result "1/2-1/2"]
[WhiteElo "2675"]
[BlackElo "2601"]
[Annotator "TA"]
[PlyCount "38"]
[EventDate "2019.04.18"]
[EventType "swiss"]
[EventCountry "GER"]
[SourceTitle "playchess.com"]
[Source "ChessBase"]
[SourceQuality "1"]

1. d4 Nf6 2. c4 e6 3. Nc3 Bb4 4. e3 O-O 5. Bd3 b6 6. Nf3 Bb7 7. O-O c5 8. Bd2 cxd4 9. exd4 d5 10. cxd5 Nxd5 11. a3 Be7 12. Re1 Nd7 13. Qe2 h6 14. Ne4 Rc8 15. Ng3 Rc7 16. Rad1 N7f6 17. Ne5 Bd6 18. Bb1 Qc8 19. Nh5 Re8 1/2-1/2

[Event "4th GRENKE Open 2019"]
[Site "Karlsruhe"]
[Date "2019.04.22"]
[Round "9.2"]
[White "Donchenko, Alexander"]
[Black "Fridman, Daniel"]
[Result "1/2-1/2"]
[WhiteElo "2584"]
[BlackElo "2629"]
[Annotator "TA"]
[PlyCount "29"]
[EventDate "2019.04.18"]
[EventType "swiss"]
[EventCountry "GER"]
[SourceTitle "playchess.com"]
[Source "ChessBase"]
[SourceQuality "1"]

1. d4 d5 2. c4 e6 3. Nf3 Nf6 4. g3 dxc4 5. Bg2 c5 6. O-O Nc6 7. Ne5 Bd7 8. Na3 cxd4 9. Naxc4 Be7 10. Bf4 O-O 11. Qb3 Qc8 12. Nxd7 Qxd7 13. Ne5 Nxe5 14. Bxe5 Ng4 15. Bf4 1/2-1/2

[Event "4th GRENKE Open 2019"]
[Site "Karlsruhe"]
[Date "2019.04.22"]
[Round "9.3"]
[White "Lopez Martinez, Josep Manuel"]
[Black "Kuzubov, Yuriy"]
[Result "1/2-1/2"]
[WhiteElo "2578"]
[BlackElo "2653"]
[Annotator "TA"]
[PlyCount "52"]
[EventDate "2019.04.18"]
[EventType "swiss"]
[EventCountry "GER"]
[SourceTitle "playchess.com"]
[Source "ChessBase"]
[SourceQuality "1"]

1. d4 Nf6 2. c4 e6 3. Nf3 d5 4. Nc3 Nbd7 5. Qc2 c5 6. cxd5 Nxd5 7. Nxd5 exd5 8. g3 c4 9. Bg2 Bb4+ 10. Bd2 Bxd2+ 11. Nxd2 Nf6 12. b3 cxb3 13. axb3 O-O 14. O-O Be6 15. e3 Qb6 16. Qc5 Rfc8 17. Qxb6 axb6 18. e4 dxe4 19. Nxe4 Bxb3 20. Nxf6+ gxf6 21. Bxb7 Rxa1 22. Rxa1 Rc3 23. Ra6 b5 24. Rb6 Bc4 25. d5 Rd3 26. d6 Rd1+ 1/2-1/2

[Event "4th GRENKE Open 2019"]
[Site "Karlsruhe"]
[Date "2019.04.22"]
[Round "9.4"]
[White "Sarana, Alexey"]
[Black "Svane, Rasmus"]
[Result "1/2-1/2"]
[WhiteElo "2630"]
[BlackElo "2605"]
[Annotator "TA"]
[PlyCount "137"]
[EventDate "2019.04.18"]
[EventType "swiss"]
[EventCountry "GER"]
[SourceTitle "playchess.com"]
[Source "ChessBase"]
[SourceQuality "1"]

1. d4 d5 2. Nf3 Nf6 3. c4 c6 4. Nc3 dxc4 5. a4 e6 6. e3 c5 7. Bxc4 cxd4 8. Nxd4 Bb4 9. O-O O-O 10. Qb3 Qe7 11. Bd2 Bc5 12. Rfd1 Rd8 13. Be1 Bxd4 14. Rxd4 Rxd4 15. exd4 Nc6 16. Qd1 Bd7 17. d5 exd5 18. Nxd5 Nxd5 19. Qxd5 Rd8 20. Bc3 Bg4 21. Qb5 Nd4 22. Bb4 Qe4 23. Qg5 Rc8 24. h3 Bxh3 25. Re1 Qg6 26. Qxg6 hxg6 27. Bxf7+ Kxf7 28. Re7+ Kf6 29. gxh3 a5 30. Re4 Nf3+ 31. Kg2 Ng5 32. Rf4+ Ke5 33. Rg4 Ne4 34. Bxa5 Kf5 35. Bb6 Rc2 36. b4 Rb2 37. b5 Rb4 38. Be3 Rxa4 39. Kf3 g5 40. b6 Rb4 41. Rg1 Ke6 42. Rc1 Nd6 43. Rc7 g6 44. Bc5 Rb3+ 45. Kg4 Ne4 46. Re7+ Kd5 47. Be3 Rb4 48. Kf3 Nd6 49. Rg7 Rh4 50. Rxg6 Rxh3+ 51. Kg2 Rh5 52. Bxg5 Nc4 53. Bd8 Rf5 54. Kg3 Rf3+ 55. Kg2 Rf8 56. Bc7 Re8 57. Rg5+ Kc6 58. Rg6+ Kd5 59. f4 Re6 60. Rg5+ Ke4 61. Rb5 Ne3+ 62. Kf2 Nd5 63. Rb1 Nxc7 64. Re1+ Kxf4 65. bxc7 Rc6 66. Re7 Kf5 67. Ke3 Kf6 68. Rh7 Ke6 69. Ke4 1/2-1/2

[Event "4th GRENKE Open 2019"]
[Site "Karlsruhe"]
[Date "2019.04.22"]
[Round "9.5"]
[White "Esipenko, Andrey"]
[Black "Gareyev, Timur"]
[Result "1/2-1/2"]
[WhiteElo "2616"]
[BlackElo "2560"]
[Annotator "TA"]
[PlyCount "87"]
[EventDate "2019.04.18"]
[EventType "swiss"]
[EventCountry "GER"]
[SourceTitle "playchess.com"]
[Source "ChessBase"]
[SourceQuality "1"]

1. d4 Nf6 2. Nf3 e6 3. c4 Bb4+ 4. Nbd2 b6 5. a3 Bxd2+ 6. Qxd2 Bb7 7. e3 Ne4 8. Qc2 f5 9. Be2 O-O 10. O-O d6 11. b4 Nd7 12. d5 e5 13. Ne1 a5 14. f3 Ng5 15. Rb1 axb4 16. axb4 Qf6 17. Nd3 e4 18. fxe4 Nxe4 19. Bb2 Qe7 20. Nf4 Ng5 21. Bd4 g6 22. Qb3 Rfe8 23. Ra1 Ne4 24. Qb2 Ne5 25. Rxa8 Rxa8 26. Ra1 Rxa1+ 27. Qxa1 c5 28. dxc6 Nxc6 29. Nd5 Qh4 30. Nf6+ Nxf6 31. Bxf6 Qe4 32. Bf3 Qxe3+ 33. Kh1 Nd8 34. Bxb7 Nxb7 35. Bd4 Qe4 36. Bxb6 f4 37. Qf1 d5 38. cxd5 Qxb4 39. Qa6 Nd6 40. Bg1 h5 41. Qc6 Kg7 42. Qd7+ Nf7 43. Qe6 Qc4 44. h3 1/2-1/2

[Event "4th GRENKE Open 2019"]
[Site "Karlsruhe"]
[Date "2019.04.22"]
[Round "9.6"]
[White "Werle, Jan"]
[Black "Heimann, Andreas"]
[Result "1-0"]
[WhiteElo "2556"]
[BlackElo "2616"]
[Annotator "TA"]
[PlyCount "103"]
[EventDate "2019.04.18"]
[EventType "swiss"]
[EventCountry "GER"]
[SourceTitle "playchess.com"]
[Source "ChessBase"]
[SourceQuality "1"]

1. d4 Nf6 2. c4 e6 3. Nf3 d5 4. Nc3 Bb4 5. Qa4+ Nc6 6. Bg5 h6 7. Bxf6 Qxf6 8. e3 O-O 9. a3 Bxc3+ 10. bxc3 Qg6 11. Qd1 dxc4 12. Qb1 Qxb1+ 13. Rxb1 Na5 14. Ne5 b6 15. Nxc4 Nxc4 16. Bxc4 Bb7 17. f3 c5 18. Bd3 Rac8 19. Kd2 Rfd8 20. Be4 Bc6 21. Bxc6 Rxc6 22. Kd3 e5 23. Rhd1 f5 24. g3 Kf7 25. Rd2 g5 26. Ke2 cxd4 27. cxd4 exd4 28. exd4 Rc3 29. a4 Ra3 30. Rb4 Re8+ 31. Kf2 Ree3 32. a5 Rxf3+ 33. Kg2 Rfb3 34. Rxb3 Rxb3 35. axb6 axb6 36. d5 Ke7 37. d6+ Kd7 38. Rd5 Rb2+ 39. Kg1 Rb1+ 40. Kg2 Rb2+ 41. Kg1 Re2 42. Rxf5 Kxd6 43. h4 Re5 44. Rf6+ Re6 45. Rf5 gxh4 46. gxh4 Kc6 47. Kf2 b5 48. Kf3 b4 49. Kg4 b3 50. Rf3 Re4+ 51. Kh5 Rb4 52. Rf1 1-0

[Event "4th GRENKE Open 2019"]
[Site "Karlsruhe"]
[Date "2019.04.22"]
[Round "9.7"]
[White "Banusz, Tamas"]
[Black "Neiksans, Arturs"]
[Result "1-0"]
[WhiteElo "2614"]
[BlackElo "2559"]
[Annotator "TA"]
[PlyCount "55"]
[EventDate "2019.04.18"]
[EventType "swiss"]
[EventCountry "GER"]
[SourceTitle "playchess.com"]
[Source "ChessBase"]
[SourceQuality "1"]

1. d4 Nf6 2. Nf3 e6 3. g3 b5 4. Bg2 Bb7 5. O-O c5 6. c3 d5 7. a4 b4 8. a5 Na6 9. Bg5 Be7 10. Ne5 O-O 11. dxc5 Bxc5 12. Nd3 bxc3 13. Nxc3 Be7 14. Qa4 Qb8 15. e4 h6 16. Bxf6 Bxf6 17. exd5 Bxc3 18. bxc3 Bxd5 19. Bxd5 exd5 20. Nf4 Nc5 21. Qb4 Nb3 22. Ra2 Qxb4 23. cxb4 Nd4 24. Rd1 Nb5 25. Nxd5 Rfe8 26. Rc2 Rab8 27. Rc5 Kf8 28. Nc7 1-0

[Event "4th GRENKE Open 2019"]
[Site "Karlsruhe"]
[Date "2019.04.22"]
[Round "9.9"]
[White "Tabatabaei, M.amin"]
[Black "Engel, Luis"]
[Result "1/2-1/2"]
[WhiteElo "2612"]
[BlackElo "2490"]
[Annotator "TA RC"]
[PlyCount "154"]
[EventDate "2019.04.18"]
[EventType "swiss"]
[EventCountry "GER"]
[SourceTitle "playchess.com"]
[Source "ChessBase"]
[SourceQuality "1"]

1. c4 Nf6 2. Nc3 e6 3. e4 d5 4. cxd5 exd5 5. e5 Ne4 6. Nf3 Bf5 7. d3 Nxc3 8. bxc3 c5 9. d4 Qa5 10. Bd2 Nc6 11. c4 Qd8 12. Qb3 Be6 13. Qxb7 Rc8 14. Ng5 Nxd4 15. Nxe6 fxe6 16. Bd3 Be7 17. O-O O-O 18. Qb1 Kh8 19. Qd1 Rb8 20. Qh5 Nf5 21. Rad1 g6 22. Qh3 Qd7 23. Rfe1 d4 24. Bc2 Rb6 25. Rb1 Rfb8 26. Qd3 Rxb1 27. Rxb1 Rxb1+ 28. Bxb1 Qa4 29. Qb3 Qxb3 30. axb3 Bd8 31. f4 Kg7 32. Kf2 Ne3 33. Bd3 a5 34. Kf3 h5 35. g3 Nf5 36. Be4 Kf7 37. Ke2 Nh6 38. Bf3 Kg7 39. Kd3 Ng4 40. h3 Nh6 41. Be1 Nf5 42. Bf2 Kf7 43. Kc2 Ne3+ 44. Kd3 Nf5 45. Kd2 Kg7 46. Be2 Ne7 47. Bf3 Nf5 48. Kc2 Ne3+ 49. Kd3 Nf5 50. Be1 Ne3 51. Bc6 Kf7 52. Be4 Kg7 53. Bf3 Kf7 54. Bc6 Bc7 55. Bf2 Nd1 56. Be1 Ne3 57. Ke2 Nc2 58. Bd2 Bd8 59. Kd1 Ne3+ 60. Bxe3 dxe3 61. Ke2 g5 62. Kxe3 Be7 63. Ke4 gxf4 64. gxf4 Bh4 65. f5 Ke7 66. fxe6 Kxe6 67. Be8 Bg3 68. Bxh5 Bxe5 69. Bg4+ Kf6 70. Kd5 Bd4 71. h4 Kg7 72. h5 Kh6 73. Kc6 Be3 74. Bd1 Bd4 75. Kb6 Be3 76. Bg4 Bd4 77. Kxa5 Bc3+ 1/2-1/2

[Event "4th GRENKE Open 2019"]
[Site "Karlsruhe"]
[Date "2019.04.22"]
[Round "9.10"]
[White "Bluebaum, Matthias"]
[Black "Warmerdam, Max"]
[Result "1-0"]
[WhiteElo "2610"]
[BlackElo "2472"]
[Annotator "TA"]
[PlyCount "237"]
[EventDate "2019.04.18"]
[EventType "swiss"]
[EventCountry "GER"]
[SourceTitle "playchess.com"]
[Source "ChessBase"]
[SourceQuality "1"]

1. d4 Nf6 2. c4 g6 3. Nc3 d5 4. cxd5 Nxd5 5. e4 Nxc3 6. bxc3 Bg7 7. Bc4 c5 8. Ne2 Nc6 9. Be3 O-O 10. O-O b6 11. Rc1 Bb7 12. Qd2 e6 13. Rfd1 Rc8 14. f3 Na5 15. Bb5 a6 16. Bd3 Qe7 17. Bg5 Bf6 18. Bh6 Bg7 19. Bg5 Bf6 20. h4 cxd4 21. cxd4 Rxc1 22. Rxc1 Bxg5 23. hxg5 Rd8 24. Qe3 Nc6 25. Bc2 a5 26. Ba4 Qb4 27. Bxc6 Bxc6 28. a3 Qd6 29. d5 Ba8 30. dxe6 Qxe6 31. Qc3 Qd6 32. Kf2 Re8 33. Rc2 Qe7 34. Qe3 Qd6 35. Rc3 b5 36. Qc5 Qxc5+ 37. Rxc5 Rb8 38. Nd4 b4 39. Rxa5 bxa3 40. Rxa3 Kg7 41. Ra7 Bb7 42. Ke3 h6 43. gxh6+ Kxh6 44. Kf4 f6 45. Ne6 Re8 46. Nc5 Bc8 47. g4 g5+ 48. Kg3 Kg6 49. Rc7 Be6 50. Nb7 Rf8 51. Nd6 Rd8 52. Nb5 Rd2 53. Na3 Bb3 54. Rc3 Ba4 55. Re3 Ra2 56. Rc3 Bd1 57. Nc4 Rc2 58. Rxc2 Bxc2 59. Nd6 Bd1 60. Kf2 Kg7 61. Nf5+ Kf7 62. Nd4 Ke7 63. Ke1 Ba4 64. Kd2 Kd6 65. Ke3 Bd1 66. Nb5+ Ke5 67. Nc3 Bb3 68. Ne2 Bd1 69. Nc1 Kd6 70. Nd3 Ke6 71. Nb2 Bb3 72. Kd4 Kd6 73. Kc3 Ba2 74. Nd3 Bg8 75. Kb4 Ba2 76. Kc3 Bg8 77. Kd4 Bb3 78. Nb2 Ba2 79. Nd1 Bb3 80. Ne3 Ke6 81. Kc3 Ba4 82. Kb4 Bc6 83. Nc4 Be8 84. Kc5 Ba4 85. Nb2 Be8 86. Nd3 Ba4 87. Kd4 Bd1 88. Ke3 Kd6 89. e5+ fxe5 90. Nf2 Bc2 91. Nh3 Bb1 92. Nxg5 Bg6 93. Ne4+ Ke6 94. Kf2 Kd5 95. Nd2 Kd4 96. Kg3 Kd3 97. Nb3 Kc4 98. Na5+ Kb5 99. Nb3 Kc4 100. Nd2+ Kd3 101. Nf1 Ke2 102. Kg2 Bh7 103. g5 Bg6 104. Nh2 e4 105. fxe4 Bxe4+ 106. Kg3 Ke3 107. Ng4+ Kd4 108. Kf4 Bg6 109. Nf6 Bd3 110. Nd7 Bg6 111. Ne5 Be4 112. Ng4 Bg6 113. Ne3 Bh5 114. Nc2+ Kd5 115. Kf5 Kd6 116. Kf6 Kd7 117. Nd4 Ke8 118. Ne6 Bf7 119. Nc5 1-0

[Event "4th GRENKE Open 2019"]
[Site "Karlsruhe"]
[Date "2019.04.22"]
[Round "9.11"]
[White "Bacrot, Etienne"]
[Black "Malakhatko, Vadim"]
[Result "1-0"]
[WhiteElo "2683"]
[BlackElo "2508"]
[Annotator "TA"]
[PlyCount "80"]
[EventDate "2019.04.18"]
[EventType "swiss"]
[EventCountry "GER"]
[SourceTitle "playchess.com"]
[Source "ChessBase"]
[SourceQuality "1"]

1. e4 e6 2. d4 d5 3. exd5 exd5 4. Nf3 Nf6 5. Bd3 Bg4 6. O-O Be7 7. Re1 O-O 8. Nbd2 Bh5 9. Nf1 Bg6 10. Ng3 Nbd7 11. Nf5 Bxf5 12. Bxf5 c6 13. c3 Re8 14. Bf4 g6 15. Bd3 Nh5 16. Bd2 Qc7 17. g3 Bd6 18. Qb3 b5 19. Qc2 Nhf6 20. a4 a6 21. b3 Nb6 22. Bg5 Kg7 23. Kg2 Rac8 24. h4 Nh5 25. Kg1 Qb8 26. axb5 axb5 27. Qd2 Kg8 28. Bf1 Re4 29. Rxe4 dxe4 30. Ne1 Re8 31. Ng2 Nd5 32. c4 bxc4 33. bxc4 e3 34. Bxe3 Bb4 35. Qd3 Nxe3 36. Nxe3 Bd6 37. Rb1 Qc7 38. Be2 Nf6 39. c5 Bf8 40. Bf3 Rd8 1-0

[Event "4th GRENKE Open 2019"]
[Site "Karlsruhe"]
[Date "2019.04.22"]
[Round "9.13"]
[White "Chigaev, Maksim"]
[Black "Repka, Christopher"]
[Result "1-0"]
[WhiteElo "2634"]
[BlackElo "2482"]
[Annotator "TA"]
[PlyCount "124"]
[EventDate "2019.04.18"]
[EventType "swiss"]
[EventCountry "GER"]
[SourceTitle "playchess.com"]
[Source "ChessBase"]
[SourceQuality "1"]

1. e4 e5 2. Bc4 Nf6 3. d3 Nc6 4. Nf3 h6 5. O-O d6 6. c3 g5 7. Nbd2 Bg7 8. Bb3 O-O 9. Nc4 Be6 10. Re1 Qd7 11. a4 Rad8 12. h3 Kh8 13. Bd2 Ng8 14. d4 g4 15. hxg4 Bxg4 16. Ne3 Bh5 17. Nf5 Nge7 18. Nxg7 Kxg7 19. Bc4 f5 20. Nxe5 Qe8 21. Qc1 dxe5 22. Bxh6+ Kh7 23. Bxf8 Qxf8 24. exf5 Qxf5 25. Re3 exd4 26. Rg3 d3 27. Qe3 Nd5 28. Qxd3 Qxd3 29. Rxd3 Nb6 30. Rxd8 Nxd8 31. Bd3+ Kg7 32. a5 Nd7 33. f3 Ne5 34. Be2 Ne6 35. Kf2 Nf4 36. Ra4 Nxe2 37. Kxe2 Kf6 38. Ke3 Bf7 39. Rf4+ Ke7 40. b4 b6 41. Re4 Kf6 42. g4 bxa5 43. bxa5 Nc4+ 44. Kf2 Nxa5 45. Ra4 Nc6 46. Ra6 Be8 47. f4 Ke6 48. Kg3 Kd5 49. f5 Ke5 50. Kh4 Kf6 51. Ra4 a5 52. Rf4 Ne7 53. Rc4 Nc6 54. Ra4 Bd7 55. Ra2 Ne5 56. Rxa5 Bxf5 57. gxf5 Kxf5 58. Ra4 Nf3+ 59. Kg3 Nd2 60. Rf4+ Ke5 61. Kg4 Ne4 62. Rf3 Nd6 1-0

[Event "4th GRENKE Open 2019"]
[Site "Karlsruhe"]
[Date "2019.04.22"]
[Round "9.14"]
[White "Sethuraman, S.P."]
[Black "Sonis, Francesco"]
[Result "1-0"]
[WhiteElo "2624"]
[BlackElo "2467"]
[Annotator "RC"]
[PlyCount "53"]
[EventDate "2019.04.18"]
[EventType "swiss"]
[EventCountry "GER"]
[SourceTitle "playchess.com"]
[Source "ChessBase"]
[SourceQuality "1"]

1. Nf3 Nf6 2. g3 d5 3. Bg2 c5 4. O-O Nc6 5. d4 cxd4 6. Nxd4 e5 7. Nxc6 bxc6 8. c4 Be6 9. Qa4 Bd7 10. Bg5 Be7 11. Nc3 d4 12. Bxc6 Rc8 13. Bxd7+ Qxd7 14. Nb5 O-O 15. Qxa7 Qe6 16. b3 Rc6 17. Bxf6 Bxf6 18. a4 Rd8 19. a5 Rd7 20. Qb8+ Rd8 21. Qb7 Rd7 22. a6 h5 23. Qb8+ Rd8 24. a7 Rcc8 25. Qb7 Ra8 26. Nc7 Qd7 27. Qxa8 1-0

[Event "4th GRENKE Open 2019"]
[Site "Karlsruhe"]
[Date "2019.04.22"]
[Round "9.15"]
[White "Beerdsen, Thomas"]
[Black "Predojevic, Borki"]
[Result "1/2-1/2"]
[WhiteElo "2483"]
[BlackElo "2621"]
[Annotator "TA"]
[PlyCount "34"]
[EventDate "2019.04.18"]
[EventType "swiss"]
[EventCountry "GER"]
[SourceTitle "playchess.com"]
[Source "ChessBase"]
[SourceQuality "1"]

1. e4 e5 2. Nf3 Nc6 3. d4 exd4 4. Nxd4 Nf6 5. Nxc6 bxc6 6. e5 Qe7 7. Qe2 Nd5 8. h4 d6 9. c4 Nb6 10. exd6 cxd6 11. Nc3 Qxe2+ 12. Bxe2 Be6 13. b3 d5 14. cxd5 Nxd5 15. Bd2 Ba3 16. O-O O-O 17. Bf3 Bb2 1/2-1/2

[Event "4th GRENKE Open 2019"]
[Site "Karlsruhe"]
[Date "2019.04.22"]
[Round "9.16"]
[White "Dourerassou, Jonathan"]
[Black "Papp, Gabor"]
[Result "0-1"]
[WhiteElo "2465"]
[BlackElo "2598"]
[Annotator "ChessBase"]
[PlyCount "100"]
[EventDate "2019.04.18"]
[EventType "swiss"]
[EventCountry "GER"]
[SourceTitle "playchess.com"]
[Source "ChessBase"]
[SourceQuality "1"]

1. e4 c5 2. Nf3 d6 3. d4 cxd4 4. Nxd4 Nf6 5. Nc3 Nc6 6. g3 g6 7. Bg2 Bd7 8. O-O Bg7 9. Re1 O-O 10. Bg5 Nxd4 11. Qxd4 Ng4 12. Qd2 h6 13. Bf4 g5 14. Be3 Nxe3 15. Rxe3 Qa5 16. Rd1 Rfe8 17. Nd5 Qxd2 18. Rxd2 Rac8 19. c3 Kf8 20. f4 Red8 21. Nb4 Bb5 22. Bf1 Be8 23. Nc2 e6 24. Nd4 Ke7 25. Re1 Rc5 26. Nb3 Rc7 27. c4 gxf4 28. gxf4 h5 29. Nd4 Bh6 30. Rf2 Bd7 31. b3 Rg8+ 32. Bg2 Rg4 33. f5 Rf4 34. Bf3 Rc8 35. Ne2 Rh4 36. Ng3 Rg8 37. fxe6 fxe6 38. e5 dxe5 39. Kf1 Bf4 40. Nxh5 Bxh2 41. Re4 Rg1+ 42. Ke2 Bf4 43. Nxf4 exf4 44. c5 Ra1 45. Kd3 Bc6 46. Rb4 Rh3 47. Rxf4 e5 48. Re4 Rxf3+ 49. Rxf3 Rd1+ 50. Ke2 Bxe4 0-1

[Event "4th GRENKE Open 2019"]
[Site "Karlsruhe"]
[Date "2019.04.22"]
[Round "9.17"]
[White "Van Foreest, Jorden"]
[Black "Petrov, Martin"]
[Result "1-0"]
[WhiteElo "2598"]
[BlackElo "2465"]
[Annotator "TA"]
[PlyCount "93"]
[EventDate "2019.04.18"]
[EventType "swiss"]
[EventCountry "GER"]
[SourceTitle "playchess.com"]
[Source "ChessBase"]
[SourceQuality "1"]

1. e4 c5 2. Nf3 d6 3. d4 cxd4 4. Nxd4 Nf6 5. Nc3 a6 6. h3 g6 7. g4 Bg7 8. Be3 O-O 9. Bg2 Nc6 10. Qd2 Nd7 11. O-O-O Nb6 12. b3 Bd7 13. f4 Rc8 14. Nxc6 Bxc6 15. Ne2 Qc7 16. Kb1 Rfd8 17. Bd4 e5 18. Bxb6 Qxb6 19. f5 d5 20. exd5 e4 21. Bxe4 Bb5 22. Nd4 Bc4 23. g5 Bxd5 24. Bxd5 Rxd5 25. f6 Bf8 26. c3 Qa5 27. h4 Qxc3 28. Qxc3 Rxc3 29. Ne2 Rcc5 30. Nf4 Rf5 31. Rhe1 h6 32. Re8 Rce5 33. Rxe5 Rxe5 34. Rd8 hxg5 35. Nd5 Kh7 36. Rxf8 Rxd5 37. Rxf7+ Kh6 38. Rf8 gxh4 39. Rh8+ Kg5 40. f7 Rf5 41. f8=Q Rxf8 42. Rxf8 h3 43. Kc2 Kg4 44. Kd3 h2 45. Rh8 Kg3 46. Ke2 Kg2 47. Rh6 1-0

[Event "4th GRENKE Open 2019"]
[Site "Karlsruhe"]
[Date "2019.04.22"]
[Round "9.18"]
[White "Perske, Thore"]
[Black "Sumets, Andrey"]
[Result "0-1"]
[WhiteElo "2450"]
[BlackElo "2588"]
[Annotator "ChessBase"]
[PlyCount "66"]
[EventDate "2019.04.18"]
[EventType "swiss"]
[EventCountry "GER"]
[SourceTitle "playchess.com"]
[Source "ChessBase"]
[SourceQuality "1"]

1. e4 c6 2. d4 d5 3. e5 Bf5 4. Nf3 e6 5. Be2 Ne7 6. O-O Bg6 7. c3 Nf5 8. Qb3 Qc7 9. g4 Ne7 10. Nh4 Nd7 11. f4 h5 12. Nxg6 fxg6 13. h3 hxg4 14. hxg4 g5 15. Be3 gxf4 16. Bxf4 Ng6 17. Bg3 O-O-O 18. Nd2 Rh3 19. Kg2 Rxg3+ 20. Kxg3 Ndxe5 21. Kf2 Nxg4+ 22. Bxg4 Qf4+ 23. Nf3 Qxg4 24. Qc2 Nf4 25. Ke3 Ng2+ 26. Ke2 Bd6 27. Rf2 Nf4+ 28. Kd1 Rh8 29. Rf1 Rh3 30. Qf2 Rg3 31. Rb1 Nh3 32. Qe3 Bf4 33. Qd3 Rg2 0-1

[Event "4th GRENKE Open 2019"]
[Site "Karlsruhe"]
[Date "2019.04.22"]
[Round "9.19"]
[White "Bernadskiy, Vitaliy"]
[Black "Kevlishvili, Robby"]
[Result "1-0"]
[WhiteElo "2587"]
[BlackElo "2451"]
[Annotator "TA"]
[PlyCount "55"]
[EventDate "2019.04.18"]
[EventType "swiss"]
[EventCountry "GER"]
[SourceTitle "playchess.com"]
[Source "ChessBase"]
[SourceQuality "1"]

1. e4 c5 2. Nf3 d6 3. Bb5+ Nd7 4. O-O a6 5. Bd3 Ngf6 6. c3 b5 7. a4 Bb7 8. axb5 axb5 9. Rxa8 Qxa8 10. Bxb5 Bxe4 11. d4 Bxb1 12. dxc5 Be4 13. Re1 e6 14. Rxe4 Nxe4 15. c6 Nb6 16. c7+ Ke7 17. Nd4 f5 18. Nc6+ Kf7 19. Nd8+ Kg8 20. Be8 Be7 21. Qh5 g6 22. Bf7+ Kg7 23. Qh6+ Kf6 24. Qh4+ Ke5 25. Qxe7 Nc5 26. Bxe6 Nd5 27. Bxd5+ Kxd5 28. Qf7+ 1-0

[Event "4th GRENKE Open 2019"]
[Site "Karlsruhe"]
[Date "2019.04.22"]
[Round "9.20"]
[White "Arjun Kalyan"]
[Black "Buhmann, Rainer"]
[Result "1/2-1/2"]
[WhiteElo "2445"]
[BlackElo "2581"]
[Annotator "TA"]
[PlyCount "140"]
[EventDate "2019.04.18"]
[EventType "swiss"]
[EventCountry "GER"]
[SourceTitle "playchess.com"]
[Source "ChessBase"]
[SourceQuality "1"]

1. e4 c6 2. d4 d5 3. Nd2 dxe4 4. Nxe4 Nf6 5. Nxf6+ exf6 6. c3 Bd6 7. Bd3 O-O 8. Qc2 Re8+ 9. Ne2 h5 10. O-O h4 11. Bf4 Na6 12. Rae1 Nc7 13. Qd2 Be6 14. b3 a5 15. Bxd6 Qxd6 16. Qf4 Qxf4 17. Nxf4 a4 18. Nxe6 Rxe6 19. Bc4 Nd5 20. Bxd5 cxd5 21. bxa4 Rxa4 22. Rb1 b6 23. Rb2 Rc6 24. h3 Rxc3 25. Rd1 Rc6 26. Rdd2 Kf8 27. Rb5 Ra5 28. Rdb2 Rxb5 29. Rxb5 Rc1+ 30. Kh2 Rc2 31. Rxd5 Rxf2 32. Rb5 Rxa2 33. Rxb6 Rd2 34. Rb8+ Ke7 35. Rb7+ Ke6 36. Rb6+ Kf5 37. Rb7 Kg6 38. Rb4 f5 39. d5 Kg5 40. Rb7 Kf6 41. Rb6+ Ke5 42. Rb7 g5 43. Rxf7 Rxd5 44. Ra7 Rd4 45. Ra5+ Kf4 46. Ra2 Ke3 47. Ra3+ Ke4 48. Ra5 Rb4 49. Ra8 Ke3 50. Ra3+ Kf4 51. Ra2 Rd4 52. Rf2+ Ke5 53. Re2+ Kf6 54. Re8 Rd5 55. Rg8 f4 56. Kg1 Kf5 57. Kf2 Rd2+ 58. Kf3 Rd3+ 59. Kf2 Rg3 60. Re8 Kg6 61. Rf8 Rc3 62. Rg8+ Kf6 63. Rf8+ Kg7 64. Rf5 Rg3 65. Ra5 f3 66. gxf3 Kg6 67. Ra6+ Kh5 68. Ra5 Rxh3 69. f4 Rg3 70. Rxg5+ Rxg5 1/2-1/2